| 000 | 00486nam a2200109Ia 4500 | ||
|---|---|---|---|
| 008 | 171212s9999 xx 000 0 und d | ||
| 100 | _aCollins, Rebecca L.;Wong, Eunice C.;Cerully, Jennifer L.;Roth, Elizabeth | ||
| 245 |
_cCollins, Rebecca L.;Wong, Eunice C.;Cerully, Jennifer L.;Roth, Elizabeth _aRacial and Ethnic Differences in Mental Illness Stigma in California |
||
| 260 |
_bRAND Corporation _c2014 |
||
| 650 | _aHistory | ||
| 856 | _uhttp://www.jstor.org/stable/10.7249/j.ctt14bs2bc | ||
| 999 |
_c352458 _d352458 |
||